30 phút tự học tiếng Hàn mỗi ngày

Gorde:
Xehetasun bibliografikoak
Egile nagusia: Nguyễn, Thảo (Chủ biên)
Beste egile batzuk: Như, Quỳnh (Hiệu đính)
Formatua: Liburua
Argitaratua: Hà Nội Đại học quốc gia Hà Nội 2017
Saila:Tủ sách học tốt tiếng Hàn: Minjung
Gaiak:
Etiketak: Etiketa erantsi
Etiketarik gabe, Izan zaitez lehena erregistro honi etiketa jartzen!
Thư viện lưu trữ: Trung tâm Học liệu Lê Vũ Hùng, Trường Đại học Đồng Tháp
LEADER 00909pmm a22002538a 4500
001 00044870
005 20191016101047.0
008 161121s2013 ||||||Viesd
020 # # |c 0 
041 0 # |a Vie 
082 1 4 |a 495.7  |b B100M 
100 1 # |a Nguyễn, Thảo  |e Chủ biên 
245 0 0 |a 30 phút tự học tiếng Hàn mỗi ngày  |c Nguyễn Thảo (ch.b); Như Quỳnh (h.đ)  |h Nguồn liệu điện tử 
260 # # |a Hà Nội  |b Đại học quốc gia Hà Nội  |c 2017 
300 # # |a 1 CD  |c 43/4 inch.  |e Sách 
490 # # |a Tủ sách học tốt tiếng Hàn: Minjung 
653 # # |a Ngôn ngữ 
653 # # |a Tiếng Hàn 
653 # # |a Tự học 
653 # # |a Đĩa CD 
700 # # |e Hiệu đính  |a Như, Quỳnh 
852 # # |j DPT.0004615 
910 0 # |d 16/10/2019 
980 # # |a Trung tâm Học liệu Lê Vũ Hùng, Trường Đại học Đồng Tháp